Poorest Countries in the World - Statistics

General Stats
  • This quiz has been taken 24 times
  • The average score is 9 of 12
Answers on the Map
Answers color-coded by a green-red scale on the quiz's map according to % correct below.
 
Answer Stats
Per Capita $ Country Total GDP $ % Correct
$516 Central African Republic $2.75 B
86%
$723 Niger $19.54 B
86%
$154 Burundi $2.16 B
82%
$508 Malawi $11.01 B
82%
$647 DR Congo $70.75 B
77%
$647 Mozambique $22.42 B
77%
$637 Somalia $12.11 B
77%
$545 Madagascar $17.42 B
73%
$807 Nigeria $187.76 B
64%
$909 Gambia $2.51 B
59%
$846 Liberia $4.75 B
59%
$873 Sierra Leone $7.55 B
59%
No matching quizzes found
Score Distribution
Percent of People with Each Score
Percentile by Number Answered
Your Score History
You have not taken this quiz